| 000 | 00404nam a22001577a 4500 | ||
|---|---|---|---|
| 003 | MPLRDC | ||
| 005 | 20220104170111.0 | ||
| 008 | 210129b ||||| |||| 00| 0 eng d | ||
| 082 | _a307.9 KNOX v.2 | ||
| 100 | _aWARREN KNOX | ||
| 245 |
_aTHE WONDERWORLD OF SCIENCE. BOOK TWO _c |
||
| 260 |
_a _bCHARLES SCRIBNER'S SONS _c |
||
| 300 | _b精 | ||
| 650 | _a通俗科学故事 | ||
| 942 |
_cBK _o307.9 KNOX v.2 |
||
| 999 |
_c57790 _d57780 |
||